000 01145nam a22001697a 4500
999 _c63785
_d63785
003 Ge_BSU
005 20260113190857.0
008 260113s1971 ge ||||| |||| 00| 0 geo d
041 _ageo
080 _a31(479.22) ს-32
245 _aსაბჭოთა საქართველოს 50 წელი :
_bსტატისტიკური კრებული /
_c საქ. სსრ მინისტრთა საბჭოსთან არსებული ცენტრალ. სტატისტიკური სამმართველო.
264 _aთბილისი :
_bგამ-ბა, "სტატისტიკის" საქართველოს განყ-ბა,
_c1971.
300 _a388 გვ. :
_bილ. ;
_c22 სმ.
653 _aსაქართველოს სტატისტიკა.
710 _aსაქართველოს სსრ მინისტრთა საბჭოსთან არსებული ცენტრალური სტატისტიკური სამმართველო.
_926668
942 _2udc
_cᲬᲘᲒᲜᲘ